000 00418nam a2200169Ia 4500
008 230711s9999||||xx |||||||||||||| ||und||
020 _a81-7371-239-5
041 _aENG
082 _a669
_bCO-I
100 _aCottrell Sir Alan
245 3 _aAn Introduction to Metallurgy
250 _a2nd Ed.
260 _c2013
_aNew Delhi
_bUniversities Press
300 _a548p.
650 _aMechanical Engineering
942 _cBK
999 _c6705
_d6705